000 00702nas a2200253 4500
001 BR9201085
003 BR-BrBNA
005 20231205092341.0
007 ta
008 230509b bl.|||p| |||| 00| 00por d
040 _aBR-BrBNA
_bpor
_cBiblioteca Nacional de Agricultura
041 _a(Pt)
072 _aL73
100 1 _aFreitas, C.E.A. de
245 1 _aTeniase: problema do veterinario sanitarista
650 _aZOONOSE
650 _aSAUDE PUBLICA
650 _aHIGIENE VETERINARIA
650 _aPROFILAXIA
650 _aPRATICO
773 0 _tCerrado (Brazil)
_xISSN 0100-0578
_g(Jun 1972), v. 4(16) p. 18
_wBR9201085
909 _a202311
_bLúcia
_c55
_dLúcia Elande
942 _2AGRIS
_n0
_cANA
999 _c131110
_d131110